Microsoft Excel 2013 : podrobná uživatelská příručka /

Hlavní autor: Barilla, Jiří, 1949-
Další autoři: Simr, Pavel, Sýkorová, Květuše
Jazyk: Čeština
Vydáno: Brno : Computer Press, 2013
Vydání: 1. vyd.
Témata:
Fyzický popis: 496 s. : il. ; 23 cm
Knihy
Uloženo v:
LEADER 01726nam a2200457 a 4500
001 nkc20132479695
003 CZ PrNK
005 20140110132102.0
007 ta
008 130724s2013 xr a e f 001 0 cze
015 |a cnb002479695 
020 |a 978-80-251-4114-4  |q (brož.) 
035 |a (OCoLC)864847795 
040 |a ABA001  |b cze 
072 7 |a 004.4/.6  |x Programování. Software  |2 Konspekt  |9 23 
080 |a 004.42Excel  |2 MRF 
080 |a 004.67  |2 MRF 
080 |a (035)  |2 MRF 
100 1 |a Barilla, Jiří,  |d 1949-  |7 jo2002111266  |4 aut 
245 1 0 |a Microsoft Excel 2013 :  |b podrobná uživatelská příručka /  |c Jiří Barilla, Pavel Simr, Květuše Sýkorová 
246 1 8 |a Excel 2013 
250 |a 1. vyd. 
260 |a Brno :  |b Computer Press,  |c 2013 
300 |a 496 s. :  |b il. ;  |c 23 cm 
500 |a Obsahuje rejstřík 
650 0 7 |a Microsoft Excel 2013 (software)  |7 ph771605  |2 czenas 
650 0 7 |a tabulkové procesory  |7 ph116391  |2 czenas 
650 0 9 |a Microsoft Excel 2013  |2 eczenas 
650 0 9 |a electronic spreadsheets  |2 eczenas 
655 7 |a příručky  |7 fd133209  |2 czenas 
655 9 |a handbooks and manuals  |2 eczenas 
700 1 |a Simr, Pavel  |7 xx0088823  |4 aut 
700 1 |a Sýkorová, Květuše  |7 xx0125196  |4 aut 
910 2 |a BOA001  |b 2-1313.595 
928 9 |a Albatros Media - Computer Press 
990 |a BK 
995 |a 01 
991 |b 201311  |c NOV  |e n 
996 6 |b 2610567299  |c 2-1313.595  |l MZK  |r Sklad / do 1 hodiny  |n 4  |p p.v.  |w 001374552  |u 000010  |a 1  |e BOA001  |j MZK50  |s P 
996 7 |b 2610576135  |c 2-1313.595  |l Vol.výběr  |r VV 0p  |n 0  |p kup  |h 004.6 BAR  |w 001374552  |u 000020  |a 0  |e BOA001  |j MZK50  |s A 
996 7 |b 2610576136  |c 2-1313.595  |l Vol.výběr  |r VV 0p  |n 37  |p kup  |h 004.6 BAR  |w 001374552  |u 000030  |a 0  |e BOA001  |j MZK50  |s A